000
00269nam a22001217a 4500
008
181023b xxu||||| |||| 00| 0 eng d
041
_a
eng
080
_a
574
100
_a
9
101
_a
MJE
245
_a
Masterpicces Of The Orient
_c
Anderson.G.L
942
_2
udc
_c
BK
999
_c
50636
_d
50636